Using technology, information, and media. (Record no. 1172)
[ view plain ]
| 000 -LEADER | |
|---|---|
| fixed length control field | 00506nam a2200169 a 4500 |
| 005 - DATE AND TIME OF LATEST TRANSACTION | |
| control field | 20260322212050.0 |
| 008 - FIXED-LENGTH DATA ELEMENTS--GENERAL INFORMATION | |
| fixed length control field | data |
| 020 ## - INTERNATIONAL STANDARD BOOK NUMBER | |
| International Standard Book Number | 9781616512545 |
| 092 ## - LOCALLY ASSIGNED DEWEY CALL NUMBER (OCLC) | |
| Classification number | 158.1 Usi 2011 |
| 001 - CONTROL NUMBER | |
| control field | data |
| 110 2# - MAIN ENTRY--CORPORATE NAME | |
| Corporate name or jurisdiction name as entry element | Saddleback Educational Publishing |
| 245 10 - TITLE STATEMENT | |
| Title | Using technology, information, and media. |
| Statement of responsibility, etc. | Saddleback Educational Publishing. |
| 260 ## - PUBLICATION, DISTRIBUTION, ETC. | |
| Place of publication, distribution, etc. | Irvine, CA : |
| Name of publisher, distributor, etc. | Saddlebak Edcuational Publishing, |
| Date of publication, distribution, etc. | 2011. |
| 300 ## - PHYSICAL DESCRIPTION | |
| Extent | xvi, 72 pages : illustrations ; |
| Other physical details | 28 cm. |
| 650 #0 - SUBJECT ADDED ENTRY--TOPICAL TERM | |
| Topical term or geographic name entry element | Life skills |
| 650 #0 - SUBJECT ADDED ENTRY--TOPICAL TERM | |
| Topical term or geographic name entry element | Social skills |
| Withdrawn status | Lost status | Damaged status | Not for loan | Home library | Current library | Shelving location | Date acquired | Total checkouts | Full call number | Barcode | Date last seen | Price effective from | Koha item type |
|---|---|---|---|---|---|---|---|---|---|---|---|---|---|
| Centerville | Centerville | General stacks | 22/03/2026 | GEN | BC0011210 | 22/03/2026 | 22/03/2026 | Books |